000 00410nam a2200133Ia 4500
005 20260326235459.0
008 260326s9999||||xx |||||||||||||| ||und||
100 _aCenter for the Study of American Architecture
245 0 _aArchitecture for the emerging American City /
_cCenter for the Study of American Architecture
260 _bRizzoli
300 _a136 p.
650 _aARQUITECTURA REGIONAL
942 _cBK
999 _c8035
_d8035